| 000 | 01340cam a2200373 4500 | ||
|---|---|---|---|
| 001 | J2345 | ||
| 008 | 090401t1994 xxu||||| |||| 00| 0 eng d | ||
| 035 | _a(Sirsi) u48539 | ||
| 041 | _aeng | ||
| 050 | _a526.9 | ||
| 110 | _aFederation International Des Geometres | ||
| 245 | _a... XX congress ... Melbourne, Australia, March 5-12 1994 ... commission 6 ... engineering surveys ... | ||
| 260 |
_bFIG _c1994 |
||
| 300 | _aca.570p. : ill. ; 21cm. | ||
| 350 | _a0 | ||
| 520 | _aPapers include: - Three-dimensional as-built computer models by analytical photogrammetry: three applications/ STIRLING, D.M., LITTLEWORTH, R.M., CHANDLER, J.H. & COOPER, M.A.R. - From drawing board to keyboard: a description of the computerisation of mine mapping and plan keeping within the collieries of the British Coal Corporation, South Yorkshire Group/ Caunt, S. | ||
| 650 | _aBRITISH COAL CORPORATION | ||
| 650 | _aCHINA | ||
| 650 | _aCONFERENCES | ||
| 650 | _aDEFORMATION | ||
| 650 | _aENGINEERING SURVEYING | ||
| 650 | _aFRANCE | ||
| 650 | _aHISTORIC MONUMENTS | ||
| 650 | _aHUNGARY | ||
| 650 | _aKOREA | ||
| 650 | _aMINE PLANS | ||
| 650 | _aNORWAY | ||
| 650 | _aRAILWAYS | ||
| 650 | _aSURVEYORS | ||
| 650 | _aTHREE-DIMENSIONAL AS-BUILT COMPUTER MODELS | ||
| 690 | _aLAND SURVEYING | ||
| 942 | _n0 | ||
| 948 | _c04/03/1997 | ||
| 999 |
_c92360 _d92360 |
||